[Event "Buenos Aires Proyeccion Olimp (Women)"]
[Site "Buenos Aires"]
[Date "2019.12.20"]
[Round "9"]
[White "Campos, Maria Jose"]
[Black "Guzman, Paola"]
[Result "1/2-1/2"]
[WhiteElo "2013"]
[BlackElo "1950"]
[PlyCount "83"]
[EventDate "2019.12.12"]
[EventType "tourn"]
[EventRounds "9"]
[EventCountry "ARG"]
[SourceTitle "CBM 194 Extra"]
[Source "ChessBase"]
[SourceDate "2020.03.31"]
[SourceVersion "1"]
[SourceVersionDate "2020.03.31"]
[SourceQuality "1"]

1. c4 e6 2. g3 d5 3. Nf3 dxc4 4. Bg2 Nd7 5. a4 Nc5 6. Na3 Nb3 7. Ra2 Na5 8. Qc2 Bxa3 9. Rxa3 Nf6 10. d3 cxd3 11. Rxd3 Qe7 12. Ne5 0-0 13. Bd2 Nc6 14. Bxc6 bxc6 15. Nxc6 Qe8 16. Rd8 Qxd8 17. Nxd8 Rxd8 18. Qxc7 Bd7 19. Qa5 Bc6 20. 0-0 Bxa4 21. Qxa4 Rxd2 22. Qb5 a6 23. Qb7 Rad8 24. e3 h6 25. h3 R8d7 26. Qc8+ Rd8 27. Qb7 R8d7 28. Qb8+ Rd8 29. Qb6 R8d6 30. Qb4 a5 31. Qxa5 Rxb2 32. Qa8+ Kh7 33. Qf8 Rd7 34. g4 Ne4 35. Kg2 Rdb7 36. h4 Nd2 37. Rd1 Ne4 38. Rf1 Nd2 39. Rd1 Ne4 40. Rf1 Nd2 41. Rd1 Ne4 42. Rf1 1/2-1/2

[Event "Buenos Aires Proyeccion Olimp (Women)"]
[Site "Buenos Aires"]
[Date "2019.12.17"]
[Round "6"]
[White "Guzman, Paola"]
[Black "Brizzi, Milagros Tatiana"]
[Result "1-0"]
[WhiteElo "1950"]
[BlackElo "2045"]
[PlyCount "157"]
[EventDate "2019.12.12"]
[EventType "tourn"]
[EventRounds "9"]
[EventCountry "ARG"]
[SourceTitle "CBM 194 Extra"]
[Source "ChessBase"]
[SourceDate "2020.03.31"]
[SourceVersion "1"]
[SourceVersionDate "2020.03.31"]
[SourceQuality "1"]

1. d4 d5 2. c4 c6 3. Nc3 Nf6 4. e3 e6 5. Nf3 Nbd7 6. Qc2 b6 7. e4 dxe4 8. Nxe4 Bb7 9. Bg5 Be7 10. Nc3 0-0 11. Rd1 Qc7 12. Bh4 Rad8 13. Bd3 Rfe8 14. 0-0 h6 15. Rfe1 a6 16. Ne5 Nf8 17. Qe2 c5 18. Bg3 Bd6 19. dxc5 bxc5 20. a3 Ba8 21. Bc2 Qb7 22. f3 Bb8 23. Ba4 Rxd1 24. Rxd1 Rc8 25. Rd2 h5 26. Bf2 Qc7 27. f4 Qb7 28. Bh4 Ne4 29. Nxe4 Qxe4 30. Qxe4 Bxe4 31. Kf2 f6 32. Ke3 fxe5 33. Kxe4 exf4 34. Rd8 Rxd8 35. Bxd8 Bd6 36. Be8 g6 37. Bg5 Nh7 38. Bd8 Kg7 39. Bc6 Nf6+ 40. Kf3 Ng4 41. Bb7 Ne5+ 42. Ke2 Nxc4 43. Bxa6 Nxb2 44. Bb5 c4 45. a4 c3 46. Ba5 Be5 47. Bb4 Bd4 48. a5 e5 49. a6 c2 50. Kd2 Nd1 51. Kxc2 Ne3+ 52. Kd3 Nxg2 53. Bc3 Ba7 54. Bxe5+ Kh6 55. Ke2 g5 56. Kf3 Nh4+ 57. Ke4 f3 58. Bd4 Nf5 59. Bxa7 Nd6+ 60. Kxf3 Nxb5 61. Be3 Kg6 62. Bb6 g4+ 63. Kg2 Kf5 64. a7 Nxa7 65. Bxa7 h4 66. Bc5 Kf4 67. Bd6+ Kf5 68. Be7 h3+ 69. Kg3 Ke6 70. Bb4 Kf5 71. Bd2 Ke4 72. Kxg4 Kd3 73. Kxh3 Kxd2 74. Kg4 Ke3 75. h4 Ke4 76. h5 Ke5 77. Kg5 Ke6 78. Kg6 Ke7 79. Kg7 1-0

[Event "Buenos Aires Proyeccion Olimp (Women)"]
[Site "Buenos Aires"]
[Date "2019.12.14"]
[Round "3"]
[White "Francisco Guecamburu, Candela Be"]
[Black "Guzman, Paola"]
[Result "1-0"]
[WhiteElo "1904"]
[BlackElo "1950"]
[PlyCount "92"]
[EventDate "2019.12.12"]
[EventType "tourn"]
[EventRounds "9"]
[EventCountry "ARG"]
[SourceTitle "CBM 194 Extra"]
[Source "ChessBase"]
[SourceDate "2020.03.31"]
[SourceVersion "1"]
[SourceVersionDate "2020.03.31"]
[SourceQuality "1"]

1. e4 e6 2. d4 d5 3. Nc3 Nf6 4. Bg5 Bb4 5. exd5 Qxd5 6. Bxf6 gxf6 7. Nge2 Nc6 8. Qd2 Qa5 9. 0-0-0 Rg8 10. Qe3 Bd7 11. a3 Be7 12. f4 0-0-0 13. g3 e5 14. Qe4 Bg4 15. d5 f5 16. Qc4 Nd4 17. Nxd4 exd4 18. Rxd4 Bf3 19. Rg1 Bc5 20. Bh3 Bg4 21. Bxg4 fxg4 22. Rgd1 Bxd4 23. Rxd4 Qb6 24. Ne4 Kb8 25. Nc5 Rge8 26. Qc3 Qd6 27. Nd3 f6 28. Nc5 f5 29. Rd3 Re2 30. Ne6 Rc8 31. Nd4 Rxh2 32. Nc6+ bxc6 33. dxc6 Rh1+ 34. Kd2 Rh2+ 35. Kc1 Rh1+ 36. Kd2 Rh2+ 37. Kd1 Rh1+ 38. Ke2 Qe6+ 39. Re3 Rh2+ 40. Kf1 Rh1+ 41. Kf2 Rh2+ 42. Kg1 Rh1+ 43. Kxh1 Qd5+ 44. Kg1 a5 45. Re5 Qd1+ 46. Kf2 Ka7 1-0

[Event "Buenos Aires Proyeccion Olimp (Women)"]
[Site "Buenos Aires"]
[Date "2019.12.12"]
[Round "1"]
[White "Guzman, Paola"]
[Black "Borda Rodas, Anapaola S"]
[Result "0-1"]
[WhiteElo "1950"]
[BlackElo "2079"]
[PlyCount "68"]
[EventDate "2019.12.12"]
[EventType "tourn"]
[EventRounds "9"]
[EventCountry "ARG"]
[SourceTitle "CBM 194 Extra"]
[Source "ChessBase"]
[SourceDate "2020.03.31"]
[SourceVersion "1"]
[SourceVersionDate "2020.03.31"]
[SourceQuality "1"]

1. d4 Nf6 2. c4 g6 3. Nc3 d5 4. cxd5 Nxd5 5. e4 Nxc3 6. bxc3 Bg7 7. Nf3 0-0 8. Be2 b6 9. 0-0 Bb7 10. Qd3 Qd7 11. Ba3 Qa4 12. Bb2 Rd8 13. e5 c5 14. Bd1 Qd7 15. Bb3 e6 16. Rfd1 Nc6 17. h4 Nxe5 18. Nxe5 Bxe5 19. Qh3 cxd4 20. cxd4 Bg7 21. h5 Bd5 22. hxg6 hxg6 23. Bc2 Rac8 24. Bd3 b5 25. a4 a6 26. axb5 axb5 27. Ra5 Bc4 28. Be4 e5 29. Qg3 exd4 30. Rda1 Qd6 31. Qh3 Qb4 32. Bc1 d3 33. Bxd3 Bxd3 34. Bg5 Bf5 0-1

[Event "ARG-ch U2000"]
[Site "Tacuari"]
[Date "2018.11.19"]
[Round "8"]
[White "Guzman, Paola"]
[Black "Alvarez, Daniel"]
[Result "1-0"]
[WhiteElo "1910"]
[BlackElo "1949"]
[PlyCount "77"]
[EventDate "2018.11.16"]
[EventType "swiss"]
[EventRounds "8"]
[EventCountry "ARG"]
[SourceTitle "EXT 2020"]
[Source "ChessBase"]
[SourceDate "2019.10.17"]
[SourceVersion "1"]
[SourceVersionDate "2019.10.17"]
[SourceQuality "1"]

1. d4 Nf6 2. c4 c5 3. d5 e6 4. Nc3 exd5 5. cxd5 d6 6. e4 g6 7. Bd3 Bg7 8. h3 0-0 9. Nf3 a6 10. a4 Re8 11. 0-0 Nbd7 12. Bf4 Qc7 13. Re1 c4 14. Bc2 Rb8 15. a5 b5 16. axb6 Rxb6 17. Na4 Rb5 18. Nd4 Rb7 19. Bh2 Nc5 20. Nxc5 Qxc5 21. Rxa6 Nd7 22. Nf3 Rb6 23. Rxb6 Qxb6 24. Qe2 Ba6 25. Ba4 c3 26. Qc2 Qxb2 27. Qxb2 cxb2 28. Bxd7 Rxe4 29. Rxe4 b1Q+ 30. Re1 Qb4 31. Re8+ Bf8 32. Bg3 Kg7 33. Ng5 h6 34. Ne4 Bd3 35. f3 Qd4+ 36. Bf2 Qxd5 37. Nc3 Qc4 38. Nb5 Qc1+ 39. Re1 1-0

[Event "World Amateur-ch U2000 (Women)"]
[Site "Spoleto"]
[Date "2017.04.08"]
[Round "9"]
[White "Guzman, Paola"]
[Black "Saumy, Zainab"]
[Result "1/2-1/2"]
[WhiteElo "1891"]
[BlackElo "1814"]
[PlyCount "56"]
[EventDate "2017.04.01"]
[EventType "swiss"]
[EventRounds "9"]
[EventCountry "ITA"]
[SourceTitle "EXT 2024"]
[Source "ChessBase"]
[SourceDate "2023.10.10"]
[SourceVersion "1"]
[SourceVersionDate "2023.10.10"]
[SourceQuality "1"]

1. d4 Nf6 2. c4 g6 3. Nc3 Bg7 4. e4 d6 5. Nf3 0-0 6. Be2 e5 7. d5 a5 8. Bg5 Qe8 9. Nd2 Na6 10. 0-0 h5 11. a3 Nh7 12. Be3 f5 13. f3 f4 14. Bf2 Bd7 15. b3 g5 16. Re1 Qg6 17. Rb1 g4 18. Nf1 Rf7 19. b4 axb4 20. axb4 Bf8 21. Ra1 Rc8 22. Rb1 Rg7 23. c5 gxf3 24. Bxf3 Ng5 25. Kh1 Nxf3 26. Qxf3 Bg4 27. Qd3 Be2 28. Qh3 Bg4 1/2-1/2

[Event "Berisso Chessniacs sf 5th"]
[Site "Berisso"]
[Date "2016.08.27"]
[Round "3.4"]
[White "Guzman, Paola"]
[Black "Veliz, Ariel"]
[Result "1/2-1/2"]
[WhiteElo "1915"]
[BlackElo "1725"]
[PlyCount "116"]
[EventDate "2016.08.26"]
[EventType "swiss"]
[EventRounds "6"]
[EventCountry "ARG"]
[SourceTitle "EXT 2024"]
[Source "ChessBase"]
[SourceDate "2023.10.10"]
[SourceVersion "1"]
[SourceVersionDate "2023.10.10"]
[SourceQuality "1"]

1. d4 Nf6 2. c4 e6 3. Nc3 Bb4 4. Qc2 0-0 5. e3 d5 6. Nf3 c5 7. a3 Bxc3+ 8. bxc3 Qc7 9. Bd3 b6 10. cxd5 exd5 11. 0-0 Ba6 12. Bxa6 Nxa6 13. Qe2 Nb8 14. Ne5 Nbd7 15. Nxd7 Qxd7 16. dxc5 bxc5 17. c4 d4 18. exd4 Qxd4 19. Be3 Qd6 20. Rfd1 Qc7 21. Qf3 Rfe8 22. Rab1 Rac8 23. h3 Qe5 24. Rb7 Re7 25. Rb5 Rd7 26. Rxd7 Nxd7 27. Qb7 Qc7 28. Qf3 Qe5 29. Rb7 Rc7 30. Rxc7 Qxc7 31. Bf4 Qc8 32. Qc3 h6 33. Qg3 Kh7 34. Qd3+ Kg8 35. Qd6 Nb6 36. Qe7 a6 37. Bd6 Nxc4 38. Bxc5 Na5 39. Be3 Nc6 40. Qc5 Qb7 41. a4 Nd8 42. Qd4 Ne6 43. Qg4 Kh7 44. a5 Kh8 45. Qc4 Kg8 46. Bb6 Kh7 47. f4 Kg8 48. f5 Nf8 49. Qd4 f6 50. Qd8 Qd7 51. Qxd7 Nxd7 52. Kf2 Kf7 53. Ke3 Ke7 54. Bc7 Nc5 55. Kd4 Nb7 56. Kd5 Kd7 57. Bb6 Nd6 58. g4 Nb7 1/2-1/2

[Event "ARG-ch (Women) 69th"]
[Site "Villa Martelli"]
[Date "2016.07.28"]
[Round "8.1"]
[White "Martinez, Ayelen"]
[Black "Guzman, Paola"]
[Result "1-0"]
[WhiteElo "2201"]
[BlackElo "1928"]
[PlyCount "86"]
[EventDate "2016.07.21"]
[EventType "swiss"]
[EventRounds "9"]
[EventCountry "ARG"]
[SourceTitle "EXT 2024"]
[Source "ChessBase"]
[SourceDate "2023.10.10"]
[SourceVersion "1"]
[SourceVersionDate "2023.10.10"]
[SourceQuality "1"]

1. e4 e6 2. d4 d5 3. Nc3 Nf6 4. e5 Nfd7 5. f4 c5 6. Nf3 Nc6 7. Be3 g6 8. Qd2 Be7 9. Be2 cxd4 10. Nxd4 g5 11. Bh5 Nxd4 12. Bxd4 Nf8 13. f5 Rg8 14. f6 Bb4 15. 0-0-0 Bd7 16. Qe3 Ng6 17. Qxg5 Qc7 18. Qe3 Ba5 19. a3 Qc6 20. g3 0-0-0 21. Be2 b5 22. b4 Bc7 23. Kb2 Qb7 24. Nb1 Qb8 25. Qc3 Kb7 26. Rhe1 Rc8 27. Bf1 Bb6 28. Qe3 Qc7 29. c3 Be8 30. Nd2 Bxd4 31. Qxd4 Nf8 32. Nb3 Nd7 33. Re3 Rg5 34. Rde1 Ka8 35. a4 Nb6 36. Nc5 Nxa4+ 37. Nxa4 bxa4 38. Ba6 Rb8 39. Ra1 h5 40. Be2 Rf5 41. Bd1 Rf2+ 42. Re2 Rf3 43. Bxa4 Rf1 1-0

[Event "ARG-ch (Women) 69th"]
[Site "Villa Martelli"]
[Date "2016.07.27"]
[Round "7.4"]
[White "Romero, Melina"]
[Black "Guzman, Paola"]
[Result "0-1"]
[WhiteElo "1446"]
[BlackElo "1928"]
[PlyCount "53"]
[EventDate "2016.07.21"]
[EventType "swiss"]
[EventRounds "9"]
[EventCountry "ARG"]
[SourceTitle "EXT 2024"]
[Source "ChessBase"]
[SourceDate "2023.10.10"]
[SourceVersion "1"]
[SourceVersionDate "2023.10.10"]
[SourceQuality "1"]

1. d4 d5 2. Bf4 Nf6 3. Nf3 c5 4. c3 Nc6 5. h4 Qb6 6. b3 Bf5 7. e3 Qa5 8. Bd3 Bxd3 9. Qxd3 e6 10. 0-0 Be7 11. Nbd2 0-0 12. Kh1 Rac8 13. dxc5 Qxc5 14. b4 Qb6 15. a4 Qd8 16. Bg5 h6 17. Bxf6 Bxf6 18. h5 Ne5 19. Nxe5 Bxe5 20. Nf3 Bxc3 21. Rab1 Qe7 22. g4 f5 23. Rg1 fxg4 24. Nh2 Rxf2 25. Rxg4 Be5 26. Rg2 Rxg2 27. Kxg2 0-1

[Event "ARG-ch (Women) 69th"]
[Site "Villa Martelli"]
[Date "2016.07.21"]
[Round "1.1"]
[White "Amura, Claudia Noemi"]
[Black "Guzman, Paola"]
[Result "1/2-1/2"]
[WhiteElo "2276"]
[BlackElo "1928"]
[PlyCount "103"]
[EventDate "2016.07.21"]
[EventType "swiss"]
[EventRounds "9"]
[EventCountry "ARG"]
[SourceTitle "EXT 2024"]
[Source "ChessBase"]
[SourceDate "2023.10.10"]
[SourceVersion "1"]
[SourceVersionDate "2023.10.10"]
[SourceQuality "1"]

1. Nf3 d5 2. c4 e6 3. b3 Nf6 4. g3 Be7 5. Bg2 c5 6. 0-0 0-0 7. Bb2 Nc6 8. cxd5 Nxd5 9. Nc3 b6 10. Nxd5 exd5 11. d4 Bb7 12. dxc5 bxc5 13. Qd2 Qd7 14. h4 Rfd8 15. Rac1 a5 16. h5 h6 17. Qf4 Qe6 18. Rfe1 a4 19. Kh2 Bd6 20. Qh4 Be7 21. Qf4 Bd6 22. Qh4 Be7 23. Bh3 Bxh4 24. Bxe6 Be7 25. Bf5 axb3 26. axb3 Ra2 27. Rc2 Nb4 28. Rd2 d4 29. Bb1 Ra7 30. e4 Bc8 31. Ne5 Be6 32. Nc4 Bg4 33. e5 Bxh5 34. f4 Bf3 35. Nd6 Bd5 36. Rc1 Bxd6 37. exd6 Na6 38. b4 cxb4 39. Bxd4 Rb7 40. Be5 Be6 41. Be4 Rb5 42. d7 Nc5 43. Bc6 Nb3 44. Bxb5 Nxd2 45. Bc7 Rxd7 46. Bxd7 Bxd7 47. Rd1 Nf3+ 48. Kg2 Be6 49. Kf2 Nh2 50. Rd8+ Kh7 51. Rb8 Ng4+ 52. Ke1 1/2-1/2

[Event "Villa Martelli zt 2.5 (Women)"]
[Site "Villa Martelli"]
[Date "2015.11.12"]
[Round "8"]
[White "Martinez, Ayelen"]
[Black "Guzman, Paola"]
[Result "1-0"]
[WhiteElo "2218"]
[BlackElo "1962"]
[PlyCount "61"]
[EventDate "2015.11.05"]
[EventType "swiss"]
[EventRounds "9"]
[EventCountry "ARG"]
[SourceTitle "CBM 169 Extra"]
[Source "ChessBase"]
[SourceDate "2015.12.18"]
[SourceVersion "1"]
[SourceVersionDate "2015.12.18"]
[SourceQuality "1"]

1. e4 e6 2. d4 d5 3. Nc3 dxe4 4. Nxe4 Bd7 5. Bd3 Bc6 6. Ne2 Nd7 7. 0-0 Ngf6 8. N2g3 Bxe4 9. Nxe4 c6 10. Ng5 Bd6 11. Qe2 Qe7 12. c4 h6 13. Nf3 Qd8 14. Bd2 0-0 15. Rad1 Re8 16. Bc3 Bf8 17. Bb1 Qb6 18. Ne5 Be7 19. Rd3 Nxe5 20. dxe5 Nh7 21. Rg3 Bb4 22. Qg4 Ng5 23. h4 Bxc3 24. bxc3 g6 25. hxg5 h5 26. Qf4 Qc5 27. Rh3 Rad8 28. g4 hxg4 29. Rh6 Qf8 30. Kg2 Kg7 31. Rfh1 1-0

[Event "Villa Martelli zt 2.5 (Women)"]
[Site "Villa Martelli"]
[Date "2015.11.11"]
[Round "7"]
[White "Guzman, Paola"]
[Black "Abarca Gonzalez, Damaris"]
[Result "0-1"]
[WhiteElo "1962"]
[BlackElo "2043"]
[PlyCount "58"]
[EventDate "2015.11.05"]
[EventType "swiss"]
[EventRounds "9"]
[EventCountry "ARG"]
[SourceTitle "CBM 169 Extra"]
[Source "ChessBase"]
[SourceDate "2015.12.18"]
[SourceVersion "1"]
[SourceVersionDate "2015.12.18"]
[SourceQuality "1"]

1. d4 d5 2. Nf3 Nf6 3. Bf4 c6 4. Nbd2 Bf5 5. h3 e6 6. e3 Nbd7 7. Nh4 Ne4 8. Nxf5 exf5 9. c3 Be7 10. Nf3 g5 11. Bh2 h5 12. Nd2 Qb6 13. Qc2 0-0-0 14. f3 Nxd2 15. Qxd2 Rh6 16. 0-0-0 Qa5 17. Kb1 c5 18. dxc5 Nxc5 19. Qc2 Rb6 20. Be5 Na4 21. b3 f6 22. Bd4 Bc5 23. Qxf5+ Kb8 24. Bxf6 Rxf6 25. Qxf6 Nxc3+ 26. Kb2 Nxd1+ 27. Kc1 d4 28. e4 d3 29. a4 Bf2 0-1

[Event "Villa Martelli zt 2.5 (Women)"]
[Site "Villa Martelli"]
[Date "2015.11.07"]
[Round "3"]
[White "Amura, Claudia Noemi"]
[Black "Guzman, Paola"]
[Result "1-0"]
[WhiteElo "2283"]
[BlackElo "1962"]
[PlyCount "87"]
[EventDate "2015.11.05"]
[EventType "swiss"]
[EventRounds "9"]
[EventCountry "ARG"]
[SourceTitle "CBM 169 Extra"]
[Source "ChessBase"]
[SourceDate "2015.12.18"]
[SourceVersion "1"]
[SourceVersionDate "2015.12.18"]
[SourceQuality "1"]

1. c4 e6 2. Nf3 d5 3. g3 Nf6 4. Bg2 c6 5. b3 Nbd7 6. Bb2 Bd6 7. d4 Qc7 8. Nc3 0-0 9. 0-0 b6 10. Nd2 Bb7 11. e4 dxe4 12. Ndxe4 Be7 13. Qf3 Rad8 14. Rad1 Rfe8 15. Rfe1 Ba8 16. Nd2 a6 17. Nf1 c5 18. d5 exd5 19. cxd5 Bd6 20. Ne3 Ne5 21. Qf5 Bb7 22. Ne4 Nxe4 23. Bxe4 Ng6 24. Nc4 Bc8 25. Qh5 b5 26. Nxd6 Qxd6 27. f4 f5 28. Bxf5 Bxf5 29. Qxf5 c4 30. bxc4 Qb4 31. Rxe8+ Rxe8 32. Qc2 Re1+ 33. Rxe1 Qxe1+ 34. Kg2 bxc4 35. Qc3 Qe4+ 36. Kf2 Kf8 37. Qxg7+ Ke8 38. Qd4 Qh1 39. Qe3+ Ne7 40. Ba3 Qxh2+ 41. Ke1 Qh1+ 42. Kd2 c3+ 43. Kc2 Qg2+ 44. Kxc3 1-0

[Event "ARG-ch (Women)"]
[Site "Buenos Aires"]
[Date "2015.09.10"]
[Round "7"]
[White "Carraro, Denise"]
[Black "Guzman, Paola"]
[Result "1-0"]
[WhiteElo "2067"]
[BlackElo "1918"]
[PlyCount "63"]
[EventDate "2015.09.04"]
[EventType "swiss"]
[EventRounds "8"]
[EventCountry "ARG"]
[SourceTitle "EXT 2016"]
[Source "ChessBase"]
[SourceDate "2015.10.08"]
[SourceVersion "1"]
[SourceVersionDate "2015.10.08"]
[SourceQuality "1"]

1. e4 e6 2. d4 d5 3. Nc3 Nf6 4. e5 Nfd7 5. f4 c5 6. Nf3 Nc6 7. Be3 Qb6 8. Na4 Qa5+ 9. c3 cxd4 10. b4 Nxb4 11. cxb4 Bxb4+ 12. Bd2 Bxd2+ 13. Nxd2 b5 14. Nb2 Nc5 15. a4 Ne4 16. axb5 Qc3 17. Nd3 Bd7 18. Rc1 Qa5 19. Nc5 Qa3 20. Ncxe4 dxe4 21. Nc4 Qb4+ 22. Qd2 Qa4 23. Qxd4 0-0 24. Qxd7 Rad8 25. Qe7 Rd4 26. Be2 Qxb5 27. 0-0 Qb3 28. Qxa7 Rd5 29. Nd6 Rd2 30. Rb1 Qc2 31. Rb8 h6 32. Rxf8+ 1-0

[Event "Villa Martelli op-B 21st"]
[Site "Villa Martelli"]
[Date "2014.11.11"]
[Round "5"]
[White "Ibar, Marcelo Rodolfo"]
[Black "Guzman, Paola"]
[Result "1-0"]
[WhiteElo "2114"]
[BlackElo "1931"]
[PlyCount "103"]
[EventDate "2014.11.07"]
[EventType "swiss"]
[EventRounds "9"]
[EventCountry "ARG"]
[SourceTitle "CBM 163 Extra"]
[Source "ChessBase"]
[SourceDate "2014.12.23"]
[SourceVersion "1"]
[SourceVersionDate "2014.12.23"]
[SourceQuality "1"]

1. Nf3 d5 2. g3 Nf6 3. c4 e6 4. Bg2 c6 5. 0-0 Nbd7 6. Qc2 Bd6 7. d4 0-0 8. Nbd2 Re8 9. b3 e5 10. dxe5 Nxe5 11. Bb2 Bg4 12. Bxe5 Bxe5 13. Nxe5 Rxe5 14. Nf3 Re8 15. Rad1 Qc8 16. cxd5 Bf5 17. Qc1 Nxd5 18. Nd4 Bh3 19. Rfe1 Bxg2 20. Kxg2 Nf6 21. Qf4 Qb8 22. Qf3 Qe5 23. Nf5 Rad8 24. e3 Rd5 25. Rxd5 Qxd5 26. Rd1 Qxf3+ 27. Kxf3 Kf8 28. Rd4 Nd5 29. Nd6 Rb8 30. e4 Nc7 31. Nxf7 Ne6 32. Rd7 Nc5 33. Rd8+ Rxd8 34. Nxd8 a5 35. a3 Nxb3 36. Nxb7 Ke7 37. e5 Nd2+ 38. Ke3 Nc4+ 39. Kd4 Nxa3 40. Nxa5 Nc2+ 41. Kc5 Ne1 42. Nxc6+ Ke6 43. f4 g6 44. Nd4+ Ke7 45. Kd5 Nd3 46. h4 Nf2 47. Nc2 Nh1 48. g4 Nf2 49. Ne3 Nh3 50. f5 gxf5 51. Nxf5+ Kf7 52. e6+ 1-0

[Event "ARG-ch (Women) 67th"]
[Site "Villa Martelli"]
[Date "2014.05.09"]
[Round "9"]
[White "Guzman, Paola"]
[Black "Nejanky, Maisa"]
[Result "1-0"]
[WhiteElo "1915"]
[BlackElo "2023"]
[PlyCount "117"]
[EventDate "2014.05.01"]
[EventType "swiss"]
[EventRounds "9"]
[EventCountry "ARG"]
[SourceTitle "CBM 160 Extra"]
[Source "ChessBase"]
[SourceDate "2014.07.01"]
[SourceVersion "1"]
[SourceVersionDate "2014.07.01"]
[SourceQuality "1"]

1. d4 Nf6 2. Nf3 e6 3. Bg5 d5 4. c4 Be7 5. cxd5 exd5 6. Nc3 c6 7. Qc2 Na6 8. a3 Nc7 9. e3 0-0 10. Bd3 Nce8 11. 0-0 g6 12. b4 a6 13. Rab1 Nd6 14. Bxf6 Bxf6 15. a4 Bf5 16. Bxf5 Nxf5 17. b5 axb5 18. axb5 Ra3 19. bxc6 bxc6 20. Na4 Ne7 21. Nc5 Re8 22. Rfc1 Qa8 23. Nd7 Bg7 24. Nfe5 Qa7 25. Nc5 Ra2 26. Qb3 Qa5 27. Ned3 Ra3 28. Qb6 Qa8 29. Qb7 Nc8 30. Nb4 Ne7 31. Nba6 Qxb7 32. Rxb7 Kf8 33. Nd7+ Kg8 34. Nab8 f5 35. g3 Kh8 36. Nxc6 Rc8 37. Rb8 Rxb8 38. Ncxb8 Kg8 39. Nc6 Kf7 40. Nxe7 Kxe7 41. Nb6 Kd6 42. Rc5 Rb3 43. Nxd5 Rb7 44. Nf4 Ra7 45. Rb5 Kc6 46. Rb8 Kd6 47. h3 Kc7 48. Rg8 Kd6 49. g4 fxg4 50. hxg4 Bh6 51. Nxg6 Bxe3 52. fxe3 hxg6 53. Rxg6+ Kd5 54. Kf2 Rf7+ 55. Kg3 Rf1 56. Rg5+ Ke6 57. Re5+ Kd6 58. g5 Kd7 59. Kg4 1-0

[Event "ARG-ch (Women) 67th"]
[Site "Villa Martelli"]
[Date "2014.05.08"]
[Round "8"]
[White "Brizzi, Milagros Tatiana"]
[Black "Guzman, Paola"]
[Result "0-1"]
[WhiteElo "1942"]
[BlackElo "1915"]
[PlyCount "64"]
[EventDate "2014.05.01"]
[EventType "swiss"]
[EventRounds "9"]
[EventCountry "ARG"]
[SourceTitle "CBM 160 Extra"]
[Source "ChessBase"]
[SourceDate "2014.07.01"]
[SourceVersion "1"]
[SourceVersionDate "2014.07.01"]
[SourceQuality "1"]

1. e4 e6 2. d3 d5 3. Nd2 c5 4. Ngf3 Nc6 5. g3 g6 6. Bg2 Bg7 7. 0-0 Nge7 8. Re1 h6 9. h4 b6 10. c3 0-0 11. e5 a5 12. Nf1 Ba6 13. g4 d4 14. c4 b5 15. b3 a4 16. Bf4 axb3 17. axb3 bxc4 18. bxc4 Bb7 19. Qd2 Kh7 20. Ng3 Na5 21. Rab1 Qc7 22. Rb5 Bc6 23. Rbb1 Rab8 24. Qe2 Rxb1 25. Rxb1 Rb8 26. Rxb8 Qxb8 27. Ne4 Qb1+ 28. Kh2 Bxe4 29. Qxe4 Nxc4 30. Nxd4 Nb2 31. Nb3 Qc2 32. Qb7 Nxd3 0-1

[Event "ARG-ch (Women) 67th"]
[Site "Villa Martelli"]
[Date "2014.05.04"]
[Round "4"]
[White "Fernandez, Maria Florencia"]
[Black "Guzman, Paola"]
[Result "1-0"]
[WhiteElo "2234"]
[BlackElo "1915"]
[PlyCount "87"]
[EventDate "2014.05.01"]
[EventType "swiss"]
[EventRounds "9"]
[EventCountry "ARG"]
[SourceTitle "CBM 160 Extra"]
[Source "ChessBase"]
[SourceDate "2014.07.01"]
[SourceVersion "1"]
[SourceVersionDate "2014.07.01"]
[SourceQuality "1"]

1. d4 d5 2. c4 e6 3. Nc3 c6 4. Nf3 dxc4 5. a4 Bb4 6. e3 b5 7. Bd2 a5 8. axb5 Bxc3 9. Bxc3 cxb5 10. b3 Bb7 11. bxc4 b4 12. Bb2 Nf6 13. Bd3 Nbd7 14. Qc2 0-0 15. 0-0 Qc7 16. e4 e5 17. d5 Rfe8 18. Nd2 Nc5 19. h3 Qb6 20. Kh2 Nfd7 21. f4 f6 22. fxe5 fxe5 23. Be2 a4 24. Bg4 Nf6 25. Nf3 Nxg4+ 26. hxg4 Qh6+ 27. Kg1 Qe3+ 28. Qf2 Qxf2+ 29. Rxf2 a3 30. Bxe5 Rxe5 31. Nxe5 b3 32. Nc6 Nxe4 33. Ne7+ Kh8 34. Rxa3 Nxf2 35. Rxb3 Nxg4 36. g3 Bc8 37. c5 g6 38. c6 Ba6 39. c7 Rf8 40. Rb6 Rf1+ 41. Kg2 Rf2+ 42. Kh3 h5 43. Kh4 Rh2+ 44. Kg5 1-0

[Event "ARG-ch (Women) 67th"]
[Site "Villa Martelli"]
[Date "2014.05.03"]
[Round "3"]
[White "Guzman, Paola"]
[Black "Martinez, Ayelen"]
[Result "0-1"]
[WhiteElo "1915"]
[BlackElo "2128"]
[PlyCount "130"]
[EventDate "2014.05.01"]
[EventType "swiss"]
[EventRounds "9"]
[EventCountry "ARG"]
[SourceTitle "CBM 160 Extra"]
[Source "ChessBase"]
[SourceDate "2014.07.01"]
[SourceVersion "1"]
[SourceVersionDate "2014.07.01"]
[SourceQuality "1"]

1. d4 Nf6 2. c4 g6 3. Nc3 Bg7 4. e4 d6 5. Nf3 0-0 6. Be2 e5 7. d5 a5 8. Bg5 h6 9. Bh4 Na6 10. Nd2 Qe8 11. 0-0 Nh7 12. Re1 h5 13. f3 Bh6 14. Bf2 Qe7 15. Nf1 h4 16. a3 Bd7 17. Rb1 Bf4 18. b4 axb4 19. axb4 Qg5 20. Kh1 Nf6 21. Bd3 Nh5 22. Ne2 Kg7 23. Nxf4 exf4 24. Rb2 Ng3+ 25. Kg1 f6 26. Qc1 Nh5 27. c5 Nxb4 28. Rxb4 Bh3 29. g3 hxg3 30. hxg3 Bxf1 31. Bxf1 Nxg3 32. Bg2 Rh8 33. Bxg3 Qxg3 34. Re2 Qh2+ 35. Kf1 Qh1+ 36. Bxh1 Rxh1+ 37. Kg2 Rxc1 38. cxd6 cxd6 39. Rxb7+ Kh6 40. Rb6 Rd8 41. Ra2 Kg5 42. Rba6 Rd7 43. Rc6 Rxc6 44. dxc6 Rc7 45. Rc2 f5 46. exf5 gxf5 47. Rc4 Kf6 48. Kf2 Ke5 49. Ke2 d5 50. Rc1 Kd6 51. Kd3 Rxc6 52. Re1 Ra6 53. Re8 Ra3+ 54. Ke2 Ra2+ 55. Kd3 Rf2 56. Rd8+ Ke6 57. Re8+ Kf6 58. Rf8+ Kg5 59. Rg8+ Kh4 60. Kd4 Rxf3 61. Ke5 Rg3 62. Rd8 Kg4 63. Rf8 Re3+ 64. Kd4 Re4+ 65. Kxd5 f3 0-1